000 00626nam a2200169 4500
001 121577
003 ES-MaACL
005 20250907063104.0
007 t|
008 070214s1971 sp r ||||1| spa d
100 1 _aValdelomar, Jorge Plantada y Aznar,
_cMarqués de
_9112483
245 1 0 _aUnidad política muncipal de Baronía de Montbuy
_b: pleito por la independencia de la villa de San Feliú de Codinas : siglo XVII /
_cEl Marqués de Valdelomar.
260 _aMadrid :
_bPrensa Española,
_c1971.
300 _a204 p., 5 lám. ;
_c22 cm.
852 _aES-MaACL
_jC-46823
_bR.76602
999 _c121577
_d121577